000 00443nam a2200181Ia 4500
001 21095
005 20260306172854.0
008 260306t1986||||xx |||||||||||||| ||spa||
041 _aESP
082 _a344
_bP42E V. 2
100 _aPeña Cabrera, Raúl
_eAUT
245 0 _aTratado de derecho penal:
_bparte especial
260 _c1986
300 _a397 páginas :
_c21 cm.
650 _aGEN
654 _aCDE
942 _cLIB
_dJUS
_fJUS
_2ddc
_n
999 _c21095
_d21095